| 000 | 00413nam a22001571a 4500 | ||
|---|---|---|---|
| 082 |
_aS 294.592 18 _bGOV/M |
||
| 100 | _aGovindanand Giri Ji Maharaj | ||
| 245 |
_aMandukyopanishat/ _cby Govindanand Giri Ji Maharaj |
||
| 260 |
_aRishikesh: _bKailas Vidya Prakashan, _c2000. |
||
| 300 | _a304p. | ||
| 650 | _aMandukyo Upanishad | ||
| 650 | _aUpanishad | ||
| 650 | _aHinduism | ||
| 650 | _aReligion | ||
| 942 | _cBK | ||
| 999 |
_c27499 _d27499 |
||